Элементарный курс теории вероятностей и математической статистики: учебное пособие

Bibliografiske detaljer
Hovedforfatter: Бородин А. Н. Андрей Николаевич
Summary:Учебное пособие содержит систематическое изложение ос­новных разделов элементарного курса теории вероятностей и математической статистики. К традиционным разделам добав­лен один новый — «Процедура рекуррентного оценивания», вви­ду особой важности этой процедуры для приложений. Теорети­ческий материал сопровождается большим количеством приме­ров и задач из разных областей знаний.
Sprog:russisk
Udgivet: Санкт-Петербург, Лань, 2011
Udgivelse:8-е изд., стер.
Serier:Учебники для вузов. Специальная литература
Fag:
Format: MixedMaterials Bog
KOHA link:https://koha.lib.tpu.ru/cgi-bin/koha/opac-detail.pl?biblionumber=336081

MARC

LEADER 00000nam0a2200000 4500
001 336081
005 20231102004823.0
010 |a 9785811404421 
035 |a (RuTPU)RU\TPU\book\362497 
035 |a RU\TPU\book\119016 
090 |a 336081 
100 |a 20171009d2011 m y0rusy50 ca 
101 0 |a rus 
102 |a RU 
105 |a a j 001zy 
200 1 |a Элементарный курс теории вероятностей и математической статистики  |e учебное пособие  |f А. Н. Бородин 
205 |a 8-е изд., стер. 
210 |a Санкт-Петербург  |c Лань  |d 2011 
215 |a 254 с.  |c ил. 
225 1 |a Учебники для вузов. Специальная литература 
320 |a Библиогр.: с. 251 
320 |a Предм. указ.: с. 252-254 
330 |a Учебное пособие содержит систематическое изложение ос­новных разделов элементарного курса теории вероятностей и математической статистики. К традиционным разделам добав­лен один новый — «Процедура рекуррентного оценивания», вви­ду особой важности этой процедуры для приложений. Теорети­ческий материал сопровождается большим количеством приме­ров и задач из разных областей знаний. 
606 1 |a Вероятностей теория и математическая статистика  |2 stltpush  |3 (RuTPU)RU\TPU\subj\2260  |9 30847 
610 1 |a учебные пособия 
610 1 |a комбинаторика 
610 1 |a случайные события 
610 1 |a формула Бейеса 
610 1 |a схема Бернулли 
610 1 |a функции распределения 
610 1 |a неравенство Чебышева 
610 1 |a закон больших чисел 
610 1 |a центральная предельная теорема 
610 1 |a случайная выборка 
610 1 |a асимптотические свойства 
610 1 |a доверительные интервалы 
610 1 |a неравенство Рао-Крамера 
610 1 |a статистические гипотезы 
610 1 |a метод максимального правдоподобия 
610 1 |a рекуррентное оценивание 
675 |a 519.2(075.8)  |v 3 
700 1 |a Бородин  |b А. Н.  |g Андрей Николаевич 
801 1 |a RU  |b 63413507  |c 20020802  |g PSBO 
801 2 |a RU  |b 63413507  |c 20171016  |g PSBO 
900 |a Теория вероятности и математическая статистика 
942 |c BK 
952 |a 522200  |b 020000